1531 1247 1377 1157 1730 1502 1758 1100 1469 1856 1814 1190 1070 1875 1496 1860 1100 1020 1776 1704 1044 1237 1240 1321 1921 1394 1438 1473 1064 1588 1288 1587 1555 1866 1787 1836 1776 1633 1411 1725 1130 1065 1703 1078 1886 1327 1115 1562 1522 1000 1998 1139 1910 1789 1726 1652 1631 1426 1255 1100 1171 1314 1343 1957 1304 1174 1793 1074 1085 1022 1375 1669 1392 1340 1600 1788 1869 1057 1979 1076 1971 1583 1564 1465 1520 1462 1163 1903 1225 1202 1683 1596 1093 1764 1668 1353 1091 1400 1594 BCNSPRNW ULIB Ver.6.0+V

เปลี่ยนเป็นภาษาไทย

Change to English
 แสดงรายละเอียดบรรณานุกรม
  กลับหน้าหลัก

Brief Record : Get Marc (ISO 2709) : E-mail record : QR code < ปิดหน้าต่าง
LEADER : 00000nam 2200000uu 4500
001    13399124502
003     ULIB
008    020711s2556 th a 000 0 tha d
020    9789749804209
020    9789749804201
090    นว.^bล158บ ล.2
100    ล่อร่า อิงกัลล์ส์ ไวล์เดอร์;^eผู้แต่ง
245    บ้านเล็กในทุ่งกว้าง/^cล่อร่า อิงกัลล์ส์ ไวล์เดอร์ ; เขียน,สุคนธรส ; แปล
250    พิมพ์ครั้งที่10
260    กรุงเทพฯ :^bแพรวเยาวชน,^c2556
300    243 หน้า;^b18.5 ซม.
500    หนังสือชุดบ้านเล็ก
700    สุคนธรส ;^eแปล
945    ^p155^l0^i039773
999    ^aทศพร
รายการนี้ยังไม่มีแท็ก
คุณยังไม่ได้ล็อกอิน คุณสามารถมีกิจกรรมร่วมกับเว็บไซต์ได้ แต่ต้องล็อกอินก่อน ::
  ล็อกอิน

รายการสื่อสารสนเทศ

ลำดับที่ ประเภท เลขเรียก/บาร์โค้ด สถานที่ สถานะ
1. นวนิยาย
นวนิยาย
นว. ล158บ ล.2 ฉ.1 
  Barcode: 039773
ห้องสมุดวิทยาเขตสวรรค์ประชารักษ์
►นวนิยาย
ถูกยืม กำหนดส่งวันที่ 6 มีนาคม 2567
  จอง

BibComment


ยังไม่เคยถูกคอมเมนท์

คอมเมนท์ทรัพยากรรายการนี้
  คอมเมนท์: บ้านเล็กในทุ่งกว้..


 Copyright 2026. Bcnsprnw @Library